Normal view
MARC view
Entry Topical Term
001 - CONTROL NUMBER
- control field: 15705
003 - CONTROL NUMBER IDENTIFIER
- control field: OSt
005 - DATE AND TIME OF LATEST TRANSACTION
- control field: 20260425150542.0
008 - FIXED-LENGTH DATA ELEMENTS
- fixed length control field: 260425|| aca||aabn | a|a d
040 ## - CATALOGING SOURCE
- Original cataloging agency: OSt
- Transcribing agency: OSt
150 ## - HEADING--TOPICAL TERM
- Topical term or geographic name entry element: Bark painting
- Geographic subdivision: Australia
- Geographic subdivision: Arnhem Land (N.T.)
670 ## - SOURCE DATA FOUND
- Source citation: Work cat.: (OSt)5816: Isaacs, Jennifer. 15703, Australian aboriginal paintings /, 1999.
